Animals of China - Sudden Death - Statistics

General Stats
  • This quiz has been taken 105 times
  • The average score is 3 of 16
Answers on the Grid
Answers color-coded by a green-red scale on the quiz's grid according to % correct below.
Pandas
Lions
Raccoons
Gray Wolves
Rattlesnakes
Crocodiles
Alligators
Gharials
Yaks
Camels
Aurochs
Baboons
Dormice
Flying Foxes
Flying Lemurs
Flying Squirrels
Trout
Sea Lions
Porpoises
Manatees
Pelicans
Otters
Hippopotamuses
Puffins
Groundhogs
Cane Rats
Mongeese
Jerboas
Hermit Crabs
Camel Spiders
Velvet Worms
Caecilians
 
Answer Stats
Answer % Correct
Pandas
91%
Yaks
39%
Trout
30%
Gray Wolves
26%
Alligators
23%
Otters
16%
Camels
14%
Hermit Crabs
14%
Mongeese
14%
Flying Squirrels
12%
Dormice
11%
Pelicans
11%
Porpoises
9%
Camel Spiders
5%
Jerboas
5%
Caecilians
0%
No matching quizzes found
Score Distribution
Percent of People with Each Score
Percentile by Number Answered
Your Score History
You have not taken this quiz